Statistiques concernant Reptiles

Cliquez ici pour prendre le quiz!

Statistiques générales

  • Ce quiz a été pris 378 fois
  • Le résultat moyen est 7 sur 12

Statistiques - réponses

Réponse% Correct
Crocodile
99%
Tortue
99%
Caméléon
96%
Alligator
86%
Iguane
85%
Caïman
77%
Boa
73%
Crotale
44%
Orvet
43%
Tortue de terre
25%
Gecko léopard
18%
Couleuvre de Montpellier
2%

Distribution des résultats

Percentile par nombre de réponses

% des personnes avec chaque résultat

Votre développement - résultats

Vous n’avez pas pris ce quiz